书目信息 |
| 题名: |
典型干旱资源开发型区域生态效率评估及提升策略分析
|
|
| 作者: | 周旭东 著 | |
| 分册: | ||
| 出版信息: | 成都 西南财经大学出版社 2021.07 |
|
| 页数: | 171页 | |
| 开本: | 24cm | |
| 丛书名: | ||
| 单 册: | ||
| 中图分类: | X322 | |
| 科图分类: | ||
| 主题词: | ||
| 电子资源: | ||
| ISBN: | 978-7-5504-4884-1 | |
| 000 | 00650nam0 2200193 450 | |
| 001 | 011025152835 | |
| 005 | 20221025152835.0 | |
| 010 | @a978-7-5504-4884-1@dCNY78.00 | |
| 100 | @a20201004d2021 em y0chiy0120 ea | |
| 101 | 0 | @achi |
| 102 | @aCN@b510000 | |
| 105 | @aa z 000yy | |
| 106 | @ar | |
| 200 | 1 | @a典型干旱资源开发型区域生态效率评估及提升策略分析@Adian xing gan han zi yuan kai fa xing qu yu sheng tai xiao lv ping gu ji ti sheng ce lue fen xi@e以新疆为例@f周旭东著 |
| 210 | @a成都@c西南财经大学出版社@d2021.07 | |
| 215 | @a171页@c图@d24cm | |
| 690 | @aX322@v5 | |
| 701 | 0 | @a周旭东@Azhou xu dong@4著 |
| 905 | @a河南城建学院图书馆@dX322@eZ800 | |
| 典型干旱资源开发型区域生态效率评估及提升策略分析:以新疆为例/周旭东著.-成都:西南财经大学出版社,2021.07 |
| 171页:图;24cm |
| ISBN 978-7-5504-4884-1:CNY78.00 |
| ● |
| 相关链接 |
|
|
|
正题名:典型干旱资源开发型区域生态效率评估及提升
索取号:X322/Z800
 
预约/预借
| 序号 | 登录号 | 条形码 | 馆藏地/架位号 | 状态 | 备注 |
| 1 | 1586025 | 215860254 | 自科库501/501自科库 66排6列2层/ [索取号:X322/Z800] | 在馆 |